Statistics for Codeword Puzzle #9 - Map Quiz

Click here to take the quiz!

General Stats

  • This quiz has been taken 128 times
  • The average score is 15 of 26

Answers on the Map

Answers color-coded by a green-red scale on the quiz's map according to % correct below.
Loading ...
 

Answer Stats

Answer% Correct
A
94%
N
83%
M
81%
I
69%
E
65%
D
62%
X
58%
T
58%
B
58%
S
58%
O
54%
L
52%
C
52%
U
52%
R
52%
P
52%
H
50%
G
50%
Q
46%
W
46%
K
46%
V
46%
J
46%
Y
46%
F
42%
Z
42%

Score Distribution

Percentile by Number Answered

Percent of People with Each Score

Your Score History

You have not taken this quiz